Rimjhima barashāẏa. (Record no. 59371)

MARC details
000 -LEADER
fixed length control field 00480cam a22002051 4500
001 - CONTROL NUMBER
control field sa 64005861
003 - CONTROL NUMBER IDENTIFIER
control field DLC
005 - DATE AND TIME OF LATEST TRANSACTION
control field 20260227112035.0
008 - FIXED-LENGTH DATA ELEMENTS--GENERAL INFORMATION
fixed length control field 881028s1961 xx 000 0 beno
010 ## - LIBRARY OF CONGRESS CONTROL NUMBER
LC control number sa 64005861
035 ## - SYSTEM CONTROL NUMBER
System control number (OCoLC)23577878
040 ## - CATALOGING SOURCE
Original cataloging agency DLC
Transcribing agency MiU
Modifying agency DLC
042 ## - AUTHENTICATION CODE
Authentication code premarc
050 00 - LIBRARY OF CONGRESS CALL NUMBER
Classification number PK1718.A365
Item number R5
100 1# - MAIN ENTRY--PERSONAL NAME
Personal name Ahmad, Reyazuddin.
245 10 - TITLE STATEMENT
Title Rimjhima barashāẏa.
260 ## - PUBLICATION, DISTRIBUTION, ETC.
Date of publication, distribution, etc. [1961]
300 ## - PHYSICAL DESCRIPTION
Extent 104 p.
Dimensions 20 cm.
500 ## - GENERAL NOTE
General note Romanized.

No items available.

Powered by Koha